[Event "Tatra Limba Master 2022"]
[Site "Poronin"]
[Date "2022.01.10"]
[Round "8.6"]
[White "Mirski, Michal"]
[Black "Smietanska, Wiktoria"]
[Result "1-0"]
[WhiteElo "2039"]
[BlackElo "1910"]
[Annotator "TA"]
[PlyCount "119"]
[EventDate "2022.01.07"]
[EventType "swiss"]
[EventCountry "POL"]
[SourceTitle "playchess.com"]
[Source "ChessBase"]
[SourceQuality "1"]

{[%evp 10,119,-18,-25,24,0,5,0,21,-33,17,8,6,0,0,4,5,14,11,-43,-45,-40,-10,-10,11,18,12,-9,-16,-22,-14,-42,-8,-16,-15,-16,-21,-33,-32,-22,-25,-38,-20,-21,0,-17,0,0,0,0,8,0,6,11,18,0,26,0,0,0,42,42,80,83,83,83,118,108,103,91,117,117,120,125,168,175,194,194,194,202,318,308,318,318,318,318,546,524,647,620,779,764,29969,29970,29970,29972,29980,29971,29984,29975,29986,29987,29987,1895,29988,29989,29989,29990,29994,29995,29998,29999]} 1. Nf3 Nf6 2. d4 g6 3. Nc3 d5 4. Bf4 Bg7 5. h3 O-O 6. e3 e6 {D00: 1 d4 d5: Unusual lines.} (6... c5 {might be stronger.}) 7. Bd3 (7. Nb5 $5 {[%cal Rb5c7]} Na6 8. Be2 $14) 7... a6 8. O-O Nbd7 {[#] The position is equal.} 9. Qe2 $146 (9. a4 $11) ({Predecessor:} 9. Re1 c5 10. Bd6 Re8 11. dxc5 e5 12. e4 dxe4 13. Nxe4 Nh5 14. Bc4 Nf8 15. Neg5 {½-½ (68) Harris,J-Roberts,D (1756) ICCF email 2014}) 9... Re8 (9... c5 $15 10. Qe1 (10. Bd6 c4 $17) 10... b6) 10. e4 $11 dxe4 11. Nxe4 Nxe4 12. Bxe4 c5 13. dxc5 Nxc5 14. c3 (14. Rfd1 $11 Qa5 15. Be5) 14... Nxe4 $15 15. Qxe4 Qb6 {[%cal Oe6e5]} (15... e5 {keeps more tension.} 16. Rfd1 Qc7 17. Be3 f6 18. Nd2 Be6) 16. Qa4 Qc6 17. Qxc6 bxc6 18. Be5 f6 19. Bc7 e5 20. Rfd1 Ra7 21. Ba5 Be6 22. b3 Bf8 {[%cal Bg7f8,Bf8c5,Bc5d4][%mdl 32]} 23. Rd2 Rb7 24. c4 Kf7 25. Rad1 Bc5 26. Kf1 Ke7 27. Ke2 Reb8 28. Ne1 Bd4 29. f4 c5 30. Nf3 {Prevents g5.} h6 31. Re1 {White wants to play fxe5.} Re8 32. Kf1 Kf7 (32... Kd6 {seems wilder.} 33. fxe5+ fxe5 34. Nxe5 Bxh3 35. Bc3 Rf8+) 33. Rde2 {[%cal Rf4e5]} Rbe7 34. fxe5 fxe5 (34... Bf5 $1 $11 {feels stronger.} 35. Nxd4 cxd4 36. e6+ (36. exf6 $2 Rxe2 37. Rxe2 Bd3 $19) 36... Rxe6 37. Rxe6 Rxe6) 35. Nxd4 $14 cxd4 36. Bb4 {White now steadily converts the win.} Rb7 37. Bd6 Bf5 {[#] And now ...Bd3 would win.} 38. Rxe5 Rxe5 39. Bxe5 $16 {[%mdl 4096] Endgame KRB-KRB} Rd7 40. Ke2 h5 41. h4 d3+ (41... Be4 $16) 42. Kd2 $18 Re7 43. g3 Re6 44. b4 Ke7 (44... Re8 $142 45. Kc3 d2 46. Kxd2 Rd8+ 47. Kc3 Rd3+ 48. Kb2 Be6) 45. Kc3 Kd7 46. a4 Kc6 47. b5+ axb5 $2 {[#]} (47... Kb6 {might work better.} 48. Re3 Ka5 49. Bc7+ Kxa4 50. Rxe6 Bxe6 51. bxa6 Bf5) 48. axb5+ Kb7 49. Re3 Re8 50. Bf4 Rxe3 51. Bxe3 {KB-KB} Be4 52. c5 {[%cal Bc4c5,Bc5c6][%mdl 32]} Bf5 53. Kb4 d2 54. Bxd2 Bd3 55. c6+ Kb6 56. Be3+ Kc7 57. Kc5 {White mates.} Kc8 58. b6 {[%cal Bb5b6,Bb6b7][%mdl 32]} Bf5 59. b7+ Kb8 60. Kb6 {Weighted Error Value: White=0.09 (flawless) /Black=0.32} 1-0

[Event "Tatra Limba Master 2022"]
[Site "Poronin"]
[Date "2022.01.10"]
[Round "8.7"]
[White "Starosciak, Szymon"]
[Black "Reichel, Lukasz"]
[Result "1-0"]
[WhiteElo "1986"]
[BlackElo "1748"]
[Annotator "TA"]
[PlyCount "65"]
[EventDate "2022.01.07"]
[EventType "swiss"]
[EventCountry "POL"]
[SourceTitle "playchess.com"]
[Source "ChessBase"]
[SourceQuality "1"]

{[%evp 12,65,16,3,6,13,0,0,11,0,0,0,33,25,65,43,95,99,99,114,103,97,92,81,131,129,139,112,136,116,139,138,141,125,145,42,146,62,180,76,496,328,951,935,29976,29976,29993,29994,29994,29995,29995,29996,29996,29997,29997,29998]} 1. e4 c5 2. Nf3 d6 3. d4 cxd4 4. Nxd4 Nf6 5. Nc3 a6 6. h3 e5 {6...e5 scores better than 6...e6.} 7. Nb3 Be6 {B90: Sicilian Najdorf: Unusual White 6th moves, 6 Be3 Ng4 and 6 Be3 e5.} 8. Be3 Nbd7 9. f4 exf4 {The position is equal.} 10. Bxf4 Ne5 11. Qe2 Be7 12. O-O-O {And now Bxe5 would win.} Qc7 13. g4 {[%cal Bg2g4,Bg4g5][%mdl 32]} b5 (13... h6 $14) 14. g5 $16 Nfd7 15. Nd5 Bxd5 16. exd5 O-O 17. Kb1 Rfe8 (17... f6 $142) 18. Qg2 Bf8 {[#]} 19. Nd4 $146 ({Predecessor:} 19. h4 g6 20. h5 Bg7 21. hxg6 hxg6 22. Qh2 Nf8 23. Nd4 Qc5 24. Nc6 Nxc6 25. dxc6 {1-0 (38) Sadzikowski,D (2551)-Sidhant,M (2259) Abu Dhabi 2016}) 19... g6 20. h4 $1 Rac8 21. h5 {Threatens to win with Qh2.} Bg7 22. hxg6 hxg6 23. Rh4 (23. Bc1 $16) 23... Qc5 (23... Nc4 $14 24. c3 b4) 24. Qh2 {White is more active.} ({Better is} 24. Bc1 $16) 24... Nc4 ({Black should play} 24... Nb6 $1 $14) 25. Nb3 (25. Bxc4 $18 {and White stays clearly on top.} Qxc4 26. Ne6 $1 {[%mdl 512]} fxe6 27. Bxd6 Qxc2+ 28. Qxc2 Rxc2 29. Kxc2) 25... Qb6 {[%mdl 8192] Loses the game.} (25... Na3+ $16 {is a better chance.} 26. bxa3 Qc3) 26. Bxc4 bxc4 $2 {[#]} (26... Rxc4 27. Rh1 f5 28. gxf6 (28. Rh7 Ne5 $16) 28... Nxf6) 27. Rh1 $1 $18 {[%cal Oh4h8] Threatening mate with Rh8+!} f5 {[#]} (27... Re1+ 28. Rxe1) 28. Rh7 $1 {White mates.} Ne5 {[#]} (28... Rc6 29. dxc6) 29. Rxg7+ $1 {[%mdl 512]} Kxg7 30. Qh7+ Kf8 31. Qh8+ Ke7 32. Qf6+ Kd7 33. Rh7+ {Weighted Error Value: White=0.22 (precise) /Black=0.77} 1-0

[Event "Tatra Limba Master 2022"]
[Site "Poronin"]
[Date "2022.01.10"]
[Round "8.8"]
[White "Rekuc, Patryk"]
[Black "Rejniak, Zuzanna"]
[Result "1/2-1/2"]
[WhiteElo "1662"]
[BlackElo "1799"]
[Annotator "NA RC"]
[PlyCount "47"]
[EventDate "2022.01.07"]
[EventType "swiss"]
[EventCountry "POL"]
[SourceTitle "playchess.com"]
[Source "ChessBase"]
[SourceQuality "1"]
[TimeControl "5400+30"]

1. e4 {[%emt 0:00:02]} c5 {[%emt 0:00:04]} 2. Nf3 {[%emt 0:00:03]} d6 {[%emt 0:00:04]} 3. Bb5+ {[%emt 0:00:04]} Nd7 {[%emt 0:00:04]} 4. Ba4 {[%emt 0:00:05]} a6 {[%emt 0:00:04]} 5. c4 {[%emt 0:00:04]} Ngf6 {[%emt 0:00:05]} 6. Nc3 {[%emt 0:00:05]} g6 {[%emt 0:00:06]} 7. O-O {[%emt 0:00:06]} Bg7 {[%emt 0:00:05]} 8. d3 {[%emt 0:00:14]} O-O {[%emt 0:00:06]} 9. h3 {[%emt 0:00:04]} Rb8 {[%emt 0:00:36]} 10. Be3 {[%emt 0:01:32]} Ne8 {[%emt 0:04:07]} 11. d4 {[%emt 0:06:41]} b6 {[%emt 0:00:45]} 12. Qd2 {[%emt 0:03:18]} Nc7 {[%emt 0:01:42]} 13. Bxd7 {[%emt 0:00:32]} Bxd7 {[%emt 0:00:26]} 14. Rad1 {[%emt 0:00:17]} cxd4 {[%emt 0:05:17]} 15. Bxd4 {[%emt 0:00:26]} Bxd4 {[%emt 0:00:04]} 16. Nxd4 {[%emt 0:00:45]} Ne6 {[%emt 0:00:18]} 17. Nxe6 {[%emt 0:01:18]} Bxe6 {[%emt 0:00:03]} 18. Nd5 {[%emt 0:01:57]} Bxd5 {[%emt 0:02:57]} 19. cxd5 {[%emt 0:00:12]} Qd7 {[%emt 0:05:09]} 20. Rc1 {[%emt 0:01:22]} Rfc8 {[%emt 0:00:23]} 21. Rxc8+ {[%emt 0:00:41]} Rxc8 {[%emt 0:00:05]} 22. Rc1 {[%emt 0:00:05]} Rc7 {[%emt 0:01:04]} 23. Qe3 {[%emt 0:00:24]} Qc8 {[%emt 0:00:27]} 24. Rxc7 {[%emt 0:00:50]} 1/2-1/2

[Event "Tatra Limba Master 2022"]
[Site "Poronin"]
[Date "2022.01.10"]
[Round "8.9"]
[White "Kotowicz, Kamil"]
[Black "Gepfert, Cyprian"]
[Result "1-0"]
[WhiteElo "1732"]
[BlackElo "1743"]
[Annotator "NA RC"]
[PlyCount "87"]
[EventDate "2022.01.07"]
[EventType "swiss"]
[EventCountry "POL"]
[SourceTitle "playchess.com"]
[Source "ChessBase"]
[SourceQuality "1"]
[TimeControl "5400+30"]

1. d4 {[%emt 0:00:05]} Nf6 {[%emt 0:00:07]} 2. c4 {[%emt 0:00:10]} g6 {[%emt 0:00:20]} 3. Nc3 {[%emt 0:00:07]} d5 {[%emt 0:00:05]} 4. cxd5 {[%emt 0:00:05]} Nxd5 {[%emt 0:00:03]} 5. Bd2 {[%emt 0:00:06]} Bg7 {[%emt 0:00:46]} 6. e4 {[%emt 0:00:06]} Nxc3 {[%emt 0:00:33]} 7. Bxc3 {[%emt 0:00:06]} c5 {[%emt 0:00:25]} 8. d5 {[%emt 0:00:05]} Bxc3+ {[%emt 0:00:04]} 9. bxc3 {[%emt 0:00:03]} Qd6 {[%emt 0:00:35]} 10. Qd2 {[%emt 0:00:42]} Qe5 {[%emt 0:02:34]} 11. Bd3 {[%emt 0:03:08]} e6 {[%emt 0:12:27]} 12. f4 {[%emt 0:02:50]} Qd6 {[%emt 0:02:23]} 13. c4 {[%emt 0:03:29]} e5 {[%emt 0:03:21]} 14. Qb2 {[%emt 0:02:56]} f6 {[%emt 0:00:35]} 15. fxe5 {[%emt 0:00:30]} Qxe5 {[%emt 0:10:01]} 16. Qxe5+ {[%emt 0:00:13]} fxe5 {[%emt 0:00:03]} 17. Nf3 {[%emt 0:00:04]} Nd7 {[%emt 0:00:34]} 18. O-O {[%emt 0:01:23]} h6 {[%emt 0:06:30]} 19. Nh4 {[%emt 0:01:22]} Rg8 {[%emt 0:05:08]} 20. Rf2 {[%emt 0:01:08]} Rb8 {[%emt 0:01:28]} 21. Raf1 {[%emt 0:01:04]} Rg7 {[%emt 0:00:10]} 22. Be2 {[%emt 0:01:00]} Ke7 {[%emt 0:02:15]} 23. Rf3 {[%emt 0:16:29]} b5 {[%emt 0:14:10]} 24. Rg3 {[%emt 0:03:31]} Nf8 {[%emt 0:01:03]} 25. cxb5 {[%emt 0:02:32]} Rb6 {[%emt 0:01:29]} 26. a4 {[%emt 0:04:12]} Rf7 {[%emt 0:01:27]} 27. Rxf7+ {[%emt 0:02:40]} Kxf7 {[%emt 0:00:04]} 28. Rc3 {[%emt 0:00:29]} g5 {[%emt 0:11:34]} 29. Rxc5 {[%emt 0:02:07]} Bd7 {[%emt 0:06:01]} 30. Bh5+ {[%emt 0:00:36]} Kf6 {[%emt 0:00:58]} 31. Nf3 {[%emt 0:01:19]} a6 {[%emt 0:07:14]} 32. bxa6 {[%emt 0:04:21]} Rxa6 {[%emt 0:00:09]} 33. a5 {[%emt 0:00:24]} g4 {[%emt 0:00:33]} 34. Nd2 {[%emt 0:01:48]} Kg5 {[%emt 0:00:06]} 35. Bf7 {[%emt 0:00:15]} Rf6 {[%emt 0:07:42]} 36. Bg8 {[%emt 0:11:11]} Kf4 {[%emt 0:00:07]} 37. Kf2 {[%emt 0:00:24]} g3+ {[%emt 0:00:05]} 38. hxg3+ {[%emt 0:00:08]} Kg4+ {[%emt 0:00:04]} 39. Nf3 {[%emt 0:01:41]} Ba4 {[%emt 0:00:31]} 40. Rc7 {[%emt 0:00:58]} Bd7 {[%emt 0:02:22]} 41. Rxd7 {[%emt 0:00:46]} Nxd7 {[%emt 0:01:05]} 42. Be6+ {[%emt 0:00:06]} Kh5 {[%emt 0:01:26]} 43. Bxd7 {[%emt 0:00:13]} Rd6 {[%emt 0:00:34]} 44. Bc6 {[%emt 0:00:24]} 1-0

[Event "Tatra Limba Master 2022"]
[Site "Poronin"]
[Date "2022.01.10"]
[Round "8.10"]
[White "Golis, Wiktor"]
[Black "Mroz, Lena"]
[Result "1/2-1/2"]
[WhiteElo "1553"]
[BlackElo "1835"]
[Annotator "NA RC"]
[PlyCount "91"]
[EventDate "2022.01.07"]
[EventType "swiss"]
[EventCountry "POL"]
[SourceTitle "playchess.com"]
[Source "ChessBase"]
[SourceQuality "1"]
[TimeControl "5400+30"]

{[%evp 8,79,7,32767,32767,32767,32767,32767,32767,32767,23,32767,32767,32767,15,2,32767,8,13,0,14,14,6,22,11,0,0,-33,-22,-37,32767,32767,-9,32767,32767,32767,-96,-104,-102,-100,-39,-37,-20,-10,-19,-25,-2,-41,32767,32767,32767,32767,32767,-43,32767,32767,32767,-985,3,-104,0,-37,32767,32767,32767,32767,32767,32767,32767,32767,32767,32767,-79,-106]} 1. e4 {[%emt 0:00:02]} c5 {[%emt 0:00:11]} 2. Nf3 {[%emt 0:00:06]} Nc6 {[%emt 0:00:11]} 3. Bb5 {[%emt 0:00:13]} g6 {[%emt 0:00:50]} 4. O-O {[%emt 0:00:27]} Bg7 {[%emt 0:00:04]} 5. c3 {[%emt 0:00:13]} Nf6 {[%emt 0:01:06]} 6. Re1 {[%emt 0:00:14]} O-O {[%emt 0:01:22]} 7. d4 {[%emt 0:00:08]} cxd4 {[%emt 0:00:44]} 8. cxd4 {[%emt 0:01:21]} d5 {[%emt 0:03:19]} 9. e5 {[%emt 0:00:06]} Ne4 {[%emt 0:01:34]} 10. Be3 {[%emt 0:00:06]} Qb6 {[%emt 0:10:02]} 11. Bxc6 {[%emt 0:04:34]} Qxc6 {[%emt 0:05:57]} 12. Nfd2 {[%emt 0:03:10]} Nxd2 {[%emt 0:05:32]} 13. Qxd2 {[%emt 0:02:43]} Bf5 {[%emt 0:03:44]} 14. Nc3 {[%emt 0:02:09]} Rac8 {[%emt 0:02:04]} 15. Rac1 {[%emt 0:00:47]} Qd7 {[%emt 0:01:41]} 16. Qd1 {[%emt 0:02:02]} Rc4 {[%emt 0:12:38]} 17. Qb3 {[%emt 0:14:41]} Rfc8 {[%emt 0:02:19]} 18. h3 {[%emt 0:04:57]} h5 {[%emt 0:28:06]} 19. a3 {[%emt 0:05:05]} f6 {[%emt 0:02:04]} 20. f4 {[%emt 0:01:10]} Kh7 {[%emt 0:02:21]} 21. Bf2 {[%emt 0:16:17] [#]} fxe5 $1 {[%emt 0:01:59]} 22. fxe5 {[%emt 0:00:23]} Bh6 {[%emt 0:00:18]} 23. Rcd1 {[%emt 0:01:23] [#]} a6 {[%emt 0:05:35]} ({Better is} 23... Rf8 $1 $17 24. Be3 {[#]} Bxh3 $1 25. Bxh6 Kxh6) 24. Be3 {[%emt 0:09:19]} Bxe3+ {[%emt 0:07:16]} 25. Rxe3 {[%emt 0:00:01]} e6 {[%emt 0:05:42]} 26. Rd2 {[%emt 0:00:22]} Qg7 {[%emt 0:01:09]} 27. Ree2 {[%emt 0:11:11]} (27. Qd1 $11) 27... b5 {[%emt 0:00:11]} 28. Rf2 {[%emt 0:04:59]} R8c7 {[%emt 0:01:02]} 29. Qd1 {[%emt 0:01:43]} Qh6 {[%emt 0:00:40]} 30. Qf3 {[%emt 0:02:17]} (30. Kh2 $11 {is more appropriate.}) 30... Qg5 {[%emt 0:00:29]} 31. Kh2 Kg7 32. Rf1 $2 $11 {[%emt 0:10:44]} Qh4 $2 {[%emt 0:00:46]} (32... Qxd2 $19 33. Qf2 Qxd4 34. Qxd4 Rxd4) 33. Qf2 {[%emt 0:00:44]} (33. Qe3 $11 {keeps the balance.}) 33... Qg5 {[%emt 0:00:14]} (33... Qxf2 $17 34. Rfxf2 b4 35. axb4 Rxb4) 34. Qf4 $15 {[%emt 0:00:35]} Qxf4+ {[%emt 0:00:05]} 35. Rxf4 {[%emt 0:00:06]} g5 {[%emt 0:00:10]} 36. Rff2 {[%emt 0:00:13]} Kg6 {[%emt 0:01:33]} 37. Ne2 {[%emt 0:03:57]} Rc2 {[%emt 0:00:31]} 38. Nc3 {[%emt 0:00:28]} Rxd2 {[%emt 0:00:38]} 39. Rxd2 {[%emt 0:00:01]} Rc4 {[%emt 0:00:16]} (39... h4 $142) 40. Kg3 {[%emt 0:00:26]} h4+ {[%emt 0:00:56]} 41. Kf3 {[%emt 0:00:10]} Kh5 {[%emt 0:00:27]} 42. g4+ {[%emt 0:00:47]} hxg3 {[%emt 0:00:06]} 43. Kxg3 {[%emt 0:00:07]} Rc7 {[%emt 0:01:08]} 44. Nd1 {[%emt 0:01:22]} Be4 {[%emt 0:00:30]} 45. Nf2 {[%emt 0:00:32]} Bf5 {[%emt 0:00:25]} 46. Ng4 {[%emt 0:00:21]} 1/2-1/2

[Event "Tatra Limba Master 2022"]
[Site "Poronin"]
[Date "2022.01.10"]
[Round "8.11"]
[White "Kozlowski, Franciszek"]
[Black "Radzimski, Antoni"]
[Result "1/2-1/2"]
[WhiteElo "1523"]
[BlackElo "1613"]
[Annotator "NA RC"]
[PlyCount "49"]
[EventDate "2022.01.07"]
[EventType "swiss"]
[EventCountry "POL"]
[SourceTitle "playchess.com"]
[Source "ChessBase"]
[SourceQuality "1"]
[TimeControl "5400+30"]

1. d4 {[%emt 0:00:03]} d5 {[%emt 0:00:07]} 2. c4 {[%emt 0:00:05]} e6 {[%emt 0:00:05]} 3. Nc3 {[%emt 0:01:17]} c6 {[%emt 0:00:17]} 4. e3 {[%emt 0:01:59]} Nf6 {[%emt 0:00:13]} 5. Nf3 {[%emt 0:00:31]} Nbd7 6. Qc2 {[%emt 0:01:21]} Be7 {[%emt 0:01:18]} 7. Be2 {[%emt 0:00:30]} dxc4 {[%emt 0:00:40]} 8. Bxc4 {[%emt 0:03:25]} b5 {[%emt 0:00:20]} 9. Bd3 {[%emt 0:02:31]} Bb7 {[%emt 0:01:07]} 10. O-O {[%emt 0:04:25]} a6 {[%emt 0:00:35]} 11. Ne4 {[%emt 0:07:30]} Qb6 {[%emt 0:05:50]} 12. Bd2 {[%emt 0:05:46]} c5 {[%emt 0:03:00]} 13. dxc5 {[%emt 0:04:31]} Bxc5 {[%emt 0:01:30]} 14. b4 {[%emt 0:02:55]} Be7 {[%emt 0:00:43]} 15. Rac1 {[%emt 0:01:07]} O-O {[%emt 0:00:52]} 16. Bc3 {[%emt 0:02:32]} Rac8 {[%emt 0:02:17]} 17. Qb1 {[%emt 0:02:41]} Nxe4 {[%emt 0:02:50]} 18. Bxe4 {[%emt 0:00:15]} f5 {[%emt 0:02:54]} 19. Bxb7 {[%emt 0:01:19]} Qxb7 {[%emt 0:01:01]} 20. Qb3 {[%emt 0:01:25]} Rc4 {[%emt 0:02:49]} 21. Nd2 {[%emt 0:01:25]} Rc6 {[%emt 0:01:24]} 22. Nf3 {[%emt 0:02:14]} Rc4 {[%emt 0:00:56]} 23. Nd2 {[%emt 0:02:45]} Rc6 {[%emt 0:02:34]} 24. Nf3 {[%emt 0:00:09]} Rc4 {[%emt 0:10:49]} 25. Nd2 {[%emt 0:00:15]} 1/2-1/2

[Event "Tatra Limba Master 2022"]
[Site "Poronin"]
[Date "2022.01.11"]
[Round "9.1"]
[White "Golubka, Petro"]
[Black "Walkusz, Witoslaw"]
[Result "1/2-1/2"]
[WhiteElo "2408"]
[BlackElo "2024"]
[Annotator "TA"]
[PlyCount "41"]
[EventDate "2022.01.07"]
[EventType "swiss"]
[EventCountry "POL"]
[SourceTitle "playchess.com"]
[Source "ChessBase"]
[SourceQuality "1"]

{[%evp 11,41,0,12,-22,-16,-32,-24,-26,25,-8,-16,-42,-40,-47,-47,-41,-21,-41,-35,-47,-37,-60,-35,-41,-56,-44,-41,-42,-24,-56,-58,-50]} 1. g3 g6 2. Bg2 Bg7 3. e4 e5 4. Nc3 Nc6 5. d3 d6 6. Nge2 Nge7 7. Be3 {C25: Vienna Game: Alternatives to 2...Nf6.} Nd4 8. h3 c6 9. Qd2 {Black has an edge.} Qa5 {[#]} (9... b5 $142) 10. Bxd4 $146 ({Predecessor:} 10. O-O Bxh3 11. Nxd4 exd4 12. Bxd4 Bxd4 13. Bxh3 h5 14. Rab1 g5 15. b4 Qe5 16. Ne2 {½-½ (70) Kovacs,Z (2302)-Kiss,G (2326) Hungary 2004}) 10... exd4 11. Nd1 Qxd2+ 12. Kxd2 Be6 13. f4 f5 14. c3 dxc3+ 15. bxc3 fxe4 16. Bxe4 O-O-O 17. Bf3 Kc7 18. Ne3 Rhf8 19. h4 Rde8 20. Nd4 Bd7 21. Rae1 {Weighted Error Value: White=0.14 (very precise) /Black=0.10 (very precise)} 1/2-1/2

[Event "Tatra Limba Master 2022"]
[Site "Poronin"]
[Date "2022.01.11"]
[Round "9.2"]
[White "Zylka, Stanislaw"]
[Black "Zielonka, Adam"]
[Result "1-0"]
[WhiteElo "2406"]
[BlackElo "1862"]
[Annotator "TA"]
[PlyCount "71"]
[EventDate "2022.01.07"]
[EventType "swiss"]
[EventCountry "POL"]
[SourceTitle "playchess.com"]
[Source "ChessBase"]
[SourceQuality "1"]

{[%evp 13,71,4,14,27,26,23,18,0,46,20,38,42,40,39,50,38,57,48,48,48,62,2,5,0,14,0,13,0,0,0,8,7,114,9,9,10,12,3,49,44,61,79,97,99,122,79,72,59,77,70,73,29,52,39,735,750,3069,2666,29994,29995]} 1. Nf3 c5 2. c4 Nc6 3. d4 cxd4 4. Nxd4 Nf6 5. Nc3 e6 6. a3 d5 7. cxd5 Nxd5 8. Nxc6 {A33: Symmetrical English: 2 Nf3 Nf6 3 d4 cxd4 4 Nxd4 e6 5 Nc3 Nc6.} bxc6 9. Qc2 Be7 10. e4 {The position is equal.} Nf6 (10... Nxc3 $11 {feels stronger.} 11. Qxc3 O-O) 11. Bf4 O-O 12. Be2 {[#]} Bb7 $146 ({Predecessor:} 12... Nd7 13. O-O e5 14. Bg3 Bf6 15. Rfd1 Qe7 16. Na4 Bb7 17. Bg4 Rfd8 18. b4 Nb6 {1-0 (31) Juhasz,B (2178)-Miklos,C (2067) Hungary 2013}) 13. O-O Qc8 14. Rac1 Ba6 15. Qa4 Bxe2 16. Nxe2 Qb7 17. Rc2 ({Reject} 17. Qxc6 Qxb2 18. Rc2 Qxa3 $15) (17. Nd4 $1 $14) 17... c5 18. f3 a6 19. Nc1 Qb5 20. Qc4 Nd7 21. Nb3 Ra7 22. Rd1 Rc8 {[#]} (22... g6 $11) 23. Bd6 {White is much more active.} (23. Qxb5 $1 $16 axb5 {[#]} 24. Nd4 $1 {[%mdl 512]}) 23... Kf8 $11 24. Bxe7+ Kxe7 25. Qc3 f6 (25... c4 $1 $11 26. Nd4 (26. Qd4 Qb6 $11) 26... Qb6) 26. f4 $14 {[%cal Ob3d4]} Rac7 27. e5 c4 28. Nd4 $36 {[%mdl 2048] White is in control.} Qc5 {[%cal Od7e5]} 29. Qh3 (29. Kh1 $142 f5 30. Nf3 (30. Qh3 Nf8 $16)) 29... Nf8 $16 30. b4 Qb6 31. exf6+ gxf6 32. Kf1 (32. Qe3 $16 {Nf5+ is the strong threat.} Kf7 33. Nf5 Qxe3+ 34. Nxe3) 32... Rd8 $11 33. Nf5+ exf5 $2 {[%mdl 8192]} (33... Ke8 $14 34. Rxd8+ Kxd8) 34. Re2+ $18 Kf7 35. Rxd8 {Intending Qh6 and mate.} c3 36. Qh6 {Weighted Error Value: White=0.18 (very precise) /Black=0.49} 1-0

[Event "Tatra Limba Master 2022"]
[Site "Poronin"]
[Date "2022.01.11"]
[Round "9.3"]
[White "Mirski, Michal"]
[Black "Kowalczyk, Pawel"]
[Result "0-1"]
[WhiteElo "2039"]
[BlackElo "2338"]
[Annotator "TA"]
[PlyCount "84"]
[EventDate "2022.01.07"]
[EventType "swiss"]
[EventCountry "POL"]
[SourceTitle "playchess.com"]
[Source "ChessBase"]
[SourceQuality "1"]

{[%evp 9,84,39,87,54,55,25,27,26,34,0,32,26,34,40,74,76,65,50,53,0,0,0,0,0,0,0,-6,-62,-12,-3,0,0,10,0,62,27,27,27,28,22,28,28,49,19,39,19,19,12,26,-104,-76,-111,-94,-166,-150,-437,-421,-426,-361,-408,-396,-380,-397,-408,-366,-687,-679,-665,-631,-29970,-29971,-11753,-12469,-5983,-5840,-1942,-1847]} 1. e4 d5 2. exd5 Nf6 3. d4 Nxd5 4. Nf3 Bg4 5. Be2 g6 (5... e6 $14 {is more appropriate.}) 6. O-O {B01: Scandinavian Defence.} Bg7 7. Ne5 Bxe2 8. Qxe2 {White has an edge.} O-O {[%cal Oc7c5]} 9. c4 Nb6 10. Be3 {[#]} N8d7 $146 ({Predecessor:} 10... f6 11. Nf3 N8d7 12. Nc3 c6 13. Bf4 e5 14. dxe5 Re8 15. e6 Nf8 16. Rad1 Qe7 17. c5 Qxe6 18. Qxe6+ Nxe6 19. cxb6 {½-½ (19) Meszaros,G (1978)-Pavlik,O (2059) Budapest 2011}) 11. f4 Qc8 12. Nc3 c5 13. Nxd7 (13. b3 {feels hotter.} cxd4 14. Bxd4 Nxe5 15. fxe5 Qe6 16. Rae1) 13... Nxd7 {[%cal Bb6d7,Bd7f6,Bf6e4][%mdl 32]} 14. d5 (14. Rad1 $1 $14) 14... Bxc3 $11 15. bxc3 f5 16. Bf2 Nf6 17. Qxe7 Ne4 18. Rfe1 (18. Qh4 $11) 18... Re8 ({Better is} 18... b6 $1 $15) 19. Qh4 $1 b6 20. Qh3 Qd7 21. Bh4 Kf7 ({Black should try} 21... Nd6 $11) 22. Qd3 Qd6 23. Rf1 Rf8 24. a4 a5 25. Rab1 Ke8 26. Rb5 Kd7 27. Rfb1 Rab8 28. Be1 Kc7 29. Bd2 (29. R5b2 $11) 29... Rfe8 30. Be3 Qd7 {Active counter play!} 31. Bf2 {[#]} (31. Ra1 $17) 31... Nd6 $1 $19 32. Re1 $2 {Loses the game.} (32. Ra1 $17) 32... Rxe1+ 33. Bxe1 Re8 34. Bh4 Nxb5 35. cxb5 {[%mdl 4096] Endgame KQR-KQB} Qd6 {Inhibits Bf6.} ({And not} 35... Re4 36. Bf6 $17) 36. c4 Kb7 ({Don't play} 36... Qxf4 37. Bg3 Re1+ 38. Bxe1 $18) 37. Bg5 (37. g3 Re1+ 38. Kg2) 37... h6 38. Bxh6 Qe7 {[#] Threatens to win with ...Qe1+.} 39. Kf2 Qh4+ 40. Kf3 Qxh6 {Black is clearly winning.} 41. d6 Qh5+ 42. Kf2 Qh4+ {Weighted Error Value: White=0.60/Black=0.13 (very precise)} 0-1